Statistics for Marvel's X-Men: First Class Characters Quiz

Click here to take the quiz!

General Stats

  • This quiz has been taken 77 times
  • The average score is 10 of 17

Answer Stats

Actor/ActressDescriptionCharacter% Correct
James McAvoyThe telepathic mutant leader and founder of the X-MenCharles Xavier / Professor X
100%
Michael FassbenderA mutant capable of manipulating and generating electromagnetic fieldsErik Lehnsherr / Magneto
100%
Jennifer LawrenceA shape-shifting mutant who is Charles Xavier's childhood friend and adoptive sisterRaven Darkhölme / Mystique
96%
Nicholas HoultA genius scientist who has mutant abilities similar to those of the great apesDr. Hank McCoy / Beast
91%
January JonesAn extremely strong mutant telepath who can also change her entire body into hard diamond form which grants her superhuman strength, stamina, psionic immunity, and durability, at the cost of using her telepathic abilitiesEmma Frost
79%
Caleb Landry JonesA mutant capable of emitting incredibly strong ultrasonic screams, sonic blasts, sonic bursts, and sonic waves used in various ways including as a means of flightSean Cassidy / Banshee
79%
Lucas TillA mutant who has the ability to absorb energy and discharge it as blastsAlex Summers / Havok
78%
Kevin BaconA former mutant Nazi scientist and the leader of the Hellfire Club, a secret society bent on taking over the worldDr. Klaus Schmidt / Sebastian Shaw
72%
Edi GathegiA mutant with the ability of "reactive evolution"Armando Muñoz / Darwin
69%
Jason FlemyngA mutant who has the ability to teleport, and is also a member of the Hellfire ClubAzazel
66%
Rose ByrneA CIA agent who befriends Xavier and LehnsherrMoira MacTaggert
54%
Zoë KravitzA mutant with dragonfly wings which are tattooed on her body and possesses acidic salivaAngel Salvadore
37%
Álex GonzálezA mutant member of the Hellfire Club, with the ability to create powerful whirlwinds from his hands and bodyJanos Quested / Riptide
37%
Oliver PlattA CIA agent and head of Division X, a government agency working with the X-MenMan in Black Suit
12%
Glenn MorshowerA US Army officer coerced by the Hellfire ClubColonel Robert Hendry
9%
Rade ŠerbedžijaA high-ranking Soviet military official during the early 1960sRussian General
4%
Matt CravenA director of the CIACIA Director Mccone
3%

Score Distribution

Percentile by Number Answered

Percent of People with Each Score

Your Score History

You have not taken this quiz